Word Ladder: Obscure March 30 Holiday Quiz Stats

 Plays Quiz Updated Mar 30, 2018

Score 0/20 Timer 02:00
3 Plays Today
Hint 4-Letter Word % Correct
To cook a pieBAKE
99%
Farm structureBARN
98.1%
Springsteen was '___ in the USA'BORN
98.1%
NakedBARE
97.7%
Eating utensil with tinesFORK
96.7%
Opposite of lessMORE
94%
A prisoner's domicile CELL
92.8%
Swedish Chef remarkBORK
92.5%
To ring upCALL
92.3%
1982 Pink Floyd inspired movie, 'The ___'
or Former Berlin divider
WALL
91.5%
Hint 4-Letter Word % Correct
Culturally specific music styleFOLK
90.9%
Robin Williams' TV alienMORK
89.1%
'Columbo' actor PeterFALK
88.8%
March 30: National [rung 1] a ___ in the [rung 20] Day
or Crosswalk sign that indicates it's safe to cross
•WALK•
88.7%
One of the 4 gospelsMARK
88.3%
March 30: National ___ a [rung 10] in the [rung 20] Day
or A bank robber's share of the loot
•TAKE•
83.3%
March 30: National [rung 1] a [rung 10] in the ___ Day
or To purposely shift a car into immobility
•PARK•
82.6%
In disorder: pell-___MELL
80.5%
Chocolate-based Mexican sauceMOLÉ
78.9%
Flanders of literatureMOLL
74.7%

Today's Daily Dose

Missing Word
Arizona A-Z

Word Ladder
Greek Letters II

Get the Picture
US National Parks

You're not logged in!

Compare scores with friends on all Sporcle quizzes.
OR
Log In

You Might Also Like...

Show Comments

Extras

Top Quizzes Today


Score Distribution

Your Account Isn't Verified!

In order to create a playlist on Sporcle, you need to verify the email address you used during registration. Go to your Sporcle Settings to finish the process.

Report this User

Report this user for behavior that violates our Community Guidelines.

Details: